000 00279 a2200121 4500
000 nam a22 7a 4500
005 20260406102406.0
100 _aBretz
_91234087
245 _aChemistry: An atom focused approach
250 _a4th
260 _bnorton
_c2025
942 _cTEXL
999 _c1847969
_d1847969